| 000 -LEADER |
| fixed length control field |
00848cam a2200241 a 4500 |
| 020 ## - INTERNATIONAL STANDARD BOOK NUMBER |
| ISBN |
9781848448513 |
| 020 ## - INTERNATIONAL STANDARD BOOK NUMBER |
| ISBN |
1848448511 |
| 020 ## - INTERNATIONAL STANDARD BOOK NUMBER |
| ISBN |
9789251062210 |
| 020 ## - INTERNATIONAL STANDARD BOOK NUMBER |
| ISBN |
9251062218 |
| 040 ## - CATALOGING SOURCE |
| Transcribing agency |
DLC |
| 082 ## - DEWEY DECIMAL CLASSIFICATION NUMBER |
| Classification number |
338 FAO 2010 A042 Or. |
| 245 00 - TITLE STATEMENT |
| Title |
Food security in Africa : |
| Remainder of title |
market and trade policy for staple foods in Eastern and southern Africa / |
| 260 ## - PUBLICATION, DISTRIBUTION, ETC. (IMPRINT) |
| Place of publication |
Cheltenham ; Northampton, MA : |
| Name of publisher |
Edward Elgar Pub., |
| Year of publication |
2010 |
| 300 ## - PHYSICAL DESCRIPTION |
| Number of Pages |
xi, 423 p. : |
| Other physical details |
ill. ; |
| Dimensions |
24 cm |
| 520 8# - SUMMARY, ETC. |
| Summary, etc |
The editors and contributors to this volume bring a variety of theoretical, analytical and informed case study approaches to bear on the African food security problem |
| 650 #0 - SUBJECT ADDED ENTRY--TOPICAL TERM |
| Topical Term |
Food security |
| 650 #0 - SUBJECT ADDED ENTRY--TOPICAL TERM |
| Topical Term |
Food supply |
| 650 #0 - SUBJECT ADDED ENTRY--TOPICAL TERM |
| Topical Term |
Food security |
| 650 #0 - SUBJECT ADDED ENTRY--TOPICAL TERM |
| Topical Term |
Food supply |
| 700 1# - ADDED ENTRY--PERSONAL NAME |
| Personal name |
Sarris, Alexander |
| 700 1# - ADDED ENTRY--PERSONAL NAME |
| Personal name |
Morrison, Jamie |
| 942 ## - ADDED ENTRY ELEMENTS (KOHA) |
| Koha item type |
ADB |
| 952 ## - LOCATION AND ITEM INFORMATION (KOHA) |
| Withdrawn status [LOCAL, KOHA] |
0 |